[Event "SR 2. liga A 2012/2013"]
[Site "?"]
[Date "2012.10.13"]
[Round "5.5"]
[White "Merva, Frantisek"]
[Black "Kundrak, Vladimir"]
[Result "1/2-1/2"]
[WhiteElo "2006"]
[BlackElo "1964"]
[PlyCount "80"]
[EventDate "2012.??.??"]
[WhiteTeam "D. Streda B"]
[BlackTeam "Modra B"]

1. d4 Nf6 2. c4 g6 3. Nc3 d5 4. Nf3 Bg7 5. Bg5 Ne4 6. cxd5 Nxc3 7. bxc3 Qxd5 8.
h3 c5 9. e3 Nc6 10. Be2 O-O 11. O-O Re8 12. Bf4 b6 13. Ne5 Nxe5 14. dxe5 Bb7
15. Qxd5 Bxd5 16. Bb5 Red8 17. c4 Bb7 18. Rad1 h6 19. f3 e6 20. Kf2 Bf8 21. Ke2
Kg7 22. Bg3 Be7 23. Rxd8 Rxd8 24. Rd1 Rxd1 25. Kxd1 Bd8 26. Ke2 Kf8 27. Be1 Bc7
28. Bc3 h5 29. e4 Ke7 30. Ke3 a6 31. Ba4 Bc8 32. Bc6 Kd8 33. g4 hxg4 34. fxg4
Bd7 35. Bxd7 Kxd7 36. h4 Bd8 37. h5 Bg5+ 38. Kd3 Ke8 39. a4 a5 40. hxg6 fxg6
1/2-1/2

[Event "SR 2. liga A 2012/2013"]
[Site "?"]
[Date "2012.10.13"]
[Round "5.6"]
[White "Karlik, Lukas"]
[Black "Tomovicsova, Evelina"]
[Result "1-0"]
[WhiteElo "1947"]
[BlackElo "1792"]
[PlyCount "85"]
[EventDate "2012.??.??"]
[WhiteTeam "Modra B"]
[BlackTeam "D. Streda B"]

1. d4 d5 2. Nf3 Nf6 3. g3 Bf5 4. Bg2 e6 5. O-O Be7 6. Nh4 Bg6 7. Nxg6 hxg6 8.
c4 c6 9. Qb3 Qb6 10. Qxb6 axb6 11. cxd5 exd5 12. Nc3 O-O 13. f3 c5 14. Rd1 Rd8
15. Bf4 Rd7 16. Bh3 Rd8 17. Bc7 Re8 18. Bxb6 c4 19. e4 Ra6 20. Bc7 dxe4 21.
fxe4 Bb4 22. Nd5 Nxd5 23. exd5 Bd6 24. Bxd6 Rxd6 25. Rac1 b5 26. a4 Rxd5 27.
Bg2 Rd6 28. axb5 Rb6 29. Rxc4 Rxb5 30. Rd2 Rd8 31. d5 Nd7 32. d6 Kf8 33. Bc6
Rc5 34. Rxc5 Nxc5 35. b4 Na6 36. b5 Nb8 37. Kf2 f5 38. Ke3 Kf7 39. Kf4 Ke6 40.
h3 Nd7 41. Rd1 Ne5 42. d7 Nf7 43. b6 1-0

[Event "SR 2. liga A 2012/2013"]
[Site "?"]
[Date "2012.10.13"]
[Round "5.7"]
[White "Kahancova, Jana"]
[Black "Sustak, Roman"]
[Result "1/2-1/2"]
[WhiteElo "1597"]
[BlackElo "1917"]
[PlyCount "112"]
[EventDate "2012.??.??"]
[WhiteTeam "D. Streda B"]
[BlackTeam "Modra B"]

1. e4 e6 2. d4 d5 3. exd5 exd5 4. Bd3 Nf6 5. Bg5 h6 6. Bh4 Bd6 7. f3 O-O 8. Ne2
b6 9. c3 c5 10. b3 Be6 11. Nd2 Nbd7 12. O-O Qc7 13. Bg3 Nh5 14. Bxd6 Qxd6 15.
Qe1 g5 16. Kh1 Rae8 17. Qf2 Ndf6 18. Rac1 Nf4 19. Nxf4 Qxf4 20. Rfd1 Ng4 21.
Qg1 Qe3 22. Qxe3 Nxe3 23. Re1 Bd7 24. dxc5 bxc5 25. Kg1 f5 26. Kf2 f4 27. Nf1
Nf5 28. a3 Kg7 29. g4 Nd6 30. Nd2 a5 31. h3 Nb5 32. c4 dxc4 33. Nxc4 Rxe1 34.
Kxe1 Nd4 35. Rb1 Nxf3+ 36. Kf2 Nd4 37. Nxa5 Rb8 38. b4 cxb4 39. axb4 Kf6 40.
Ke1 Re8+ 41. Kd2 Nb5 42. Re1 Rxe1 43. Kxe1 Ke5 44. Ke2 Nc3+ 45. Kd2 Nb5 46. Nb3
Nd4 47. Nc5 Bc6 48. Bf1 f3 49. Ke3 Nc2+ 50. Kf2 Nxb4 51. Nd3+ Nxd3+ 52. Bxd3
Be4 53. Bb5 Kf4 54. Bd7 Bg6 55. Bc6 Be4 56. Bd7 Bg6 1/2-1/2

[Event "SR 2. liga A 2012/2013"]
[Site "?"]
[Date "2012.10.13"]
[Round "5.8"]
[White "Soldan, Jan"]
[Black "Kahanec, Jan"]
[Result "1-0"]
[WhiteElo "1837"]
[BlackElo "1542"]
[PlyCount "64"]
[EventDate "2012.??.??"]
[WhiteTeam "Modra B"]
[BlackTeam "D. Streda B"]

1. e4 e5 2. Nf3 Nc6 3. Bc4 Be7 4. c3 Nf6 5. d3 d6 6. Be3 Be6 7. Nbd2 Ng4 8. O-O
Nxe3 9. fxe3 O-O 10. d4 exd4 11. exd4 Bg4 12. Qe1 Bh5 13. Bd3 Bg6 14. Qg3 f6
15. Nh4 Qe8 16. Rf4 f5 17. exf5 Bxh4 18. Qxh4 Qe3+ 19. Rf2 Bxf5 20. Bxf5 Rxf5
21. Nf3 Raf8 22. Re1 Qf4 23. Qxf4 Rxf4 24. Ree2 h6 25. Nd2 Rxf2 26. Rxf2 Rxf2
27. Kxf2 d5 28. g4 Kf7 29. Kg3 Kf6 30. h4 g6 31. Kf3 Ke6 32. Kf4 Ne7 1-0

[Event "SR 2. liga A 2012/2013"]
[Site "?"]
[Date "2012.10.13"]
[Round "6.1"]
[White "Dolnak, Michal"]
[Black "Pagerka, Martin"]
[Result "0-1"]
[WhiteElo "2115"]
[BlackElo "2261"]
[PlyCount "68"]
[EventDate "2012.??.??"]
[WhiteTeam "Krasnany"]
[BlackTeam "Osuske B"]

1. d4 b5 2. e4 a6 3. Nf3 Bb7 4. Bd3 e6 5. O-O c5 6. c3 d6 7. Re1 Be7 8. Nbd2
Nf6 9. Nf1 Nc6 10. Ng3 Rc8 11. a3 O-O 12. h3 Qb6 13. Be3 g6 14. dxc5 dxc5 15.
e5 Nd5 16. Bh6 Rfd8 17. Qc2 c4 18. Be4 a5 19. Rad1 Bc5 20. Bxd5 exd5 21. e6 f6
22. h4 d4 23. Ne4 Be7 24. cxd4 Nxd4 25. Rxd4 Rxd4 26. Be3 Bxe4 27. Bxd4 Qxd4
28. Rxe4 Qd5 29. Qe2 c3 30. bxc3 Rxc3 31. Rd4 Qc5 32. Qe4 Rc1+ 33. Kh2 Qc7+ 34.
Kh3 Rh1+ 0-1

[Event "SR 2. liga A 2012/2013"]
[Site "?"]
[Date "2012.10.13"]
[Round "6.2"]
[White "Cajka, Tibor"]
[Black "Slacky, Stanislav"]
[Result "0-1"]
[WhiteElo "2170"]
[BlackElo "2198"]
[PlyCount "78"]
[EventDate "2012.??.??"]
[WhiteTeam "Osuske B"]
[BlackTeam "Krasnany"]

1. e4 Nf6 2. Nc3 d5 3. e5 Ne4 4. d4 Nxc3 5. bxc3 Bf5 6. g4 Bd7 7. Ba3 c5 8.
Bxc5 Qc8 9. Qf3 b6 10. Ba3 Bxg4 11. Bb5+ Bd7 12. Bxd7+ Nxd7 13. Ne2 e6 14. Bc1
h5 15. O-O Be7 16. Kh1 Qc4 17. Rg1 g6 18. Nf4 Rc8 19. Bd2 b5 20. Rg3 b4 21. Qg2
Nb6 22. Rxg6 bxc3 23. Be3 Qa4 24. Rg8+ Kd7 25. Rxc8 Rxc8 26. Rc1 Nc4 27. Nxh5
Nxe3 28. fxe3 Rb8 29. Nf4 Qxa2 30. Qf1 a5 31. Nd3 Ke8 32. Qg1 Bf8 33. Qd1 a4
34. Ra1 Qc4 35. Qh5 a3 36. Rf1 Rb7 37. Qf3 a2 38. Kg2 Qa4 39. Qd1 Rb1 0-1

[Event "SR 2. liga A 2012/2013"]
[Site "?"]
[Date "2012.10.13"]
[Round "6.3"]
[White "Biro, Karol"]
[Black "Bury, Rastislav"]
[Result "1/2-1/2"]
[WhiteElo "2156"]
[BlackElo "2099"]
[PlyCount "92"]
[EventDate "2012.??.??"]
[WhiteTeam "Krasnany"]
[BlackTeam "Osuske B"]

1. c4 Nf6 2. Nc3 e6 3. e4 d5 4. e5 d4 5. exf6 dxc3 6. fxg7 cxd2+ 7. Qxd2 Qxd2+
8. Bxd2 Bxg7 9. O-O-O c5 10. g3 Bd7 11. Bg2 Bc6 12. Nf3 Nd7 13. Rhe1 O-O-O 14.
Bh1 Bxf3 15. Bxf3 Ne5 16. Be2 Nd3+ 17. Bxd3 Rxd3 18. Be3 Rxd1+ 19. Rxd1 b6 20.
Kc2 Rd8 21. Rxd8+ Kxd8 22. g4 Kd7 23. f3 Kd6 24. b3 e5 25. Kd3 Ke6 26. Ke4 f6
27. f4 exf4 28. Bxf4 Bf8 29. h3 Bd6 30. Bd2 Be5 31. Be1 Bd6 32. Bc3 Bg3 33. b4
cxb4 34. Bxb4 Bf2 35. Bc3 Bc5 36. Be1 Bd6 37. a4 Bh2 38. h4 Bd6 39. Bf2 Bb4 40.
Bg3 Bc5 41. Bb8 a6 42. Ba7 a5 43. Bb8 Bf2 44. h5 Bc5 45. Bf4 Bf2 46. Bc1 Bc5
1/2-1/2

[Event "SR 2. liga A 2012/2013"]
[Site "?"]
[Date "2012.10.13"]
[Round "6.5"]
[White "Kebis, Milos"]
[Black "Spacek, Oliver"]
[Result "1-0"]
[WhiteElo "2002"]
[BlackElo "1977"]
[PlyCount "78"]
[EventDate "2012.??.??"]
[WhiteTeam "Krasnany"]
[BlackTeam "Osuske B"]

1. c4 Nf6 2. d4 g6 3. Nc3 Bg7 4. e4 d6 5. Nf3 O-O 6. Be2 e5 7. O-O Nc6 8. d5
Ne7 9. Ne1 Ne8 10. Be3 f5 11. f4 fxe4 12. Nxe4 Nf5 13. Bd2 exf4 14. Bxf4 Bxb2
15. Rb1 Bd4+ 16. Kh1 Nf6 17. Ng5 Qe7 18. Nc2 Bb6 19. Bf3 h6 20. Re1 Qg7 21. Ne6
Bxe6 22. dxe6 g5 23. Bd2 c6 24. Bc3 Qg6 25. Nd4 Ne7 26. g4 d5 27. Qe2 Rae8 28.
Qe5 dxc4 29. Nf5 Ned5 30. Be4 Bc7 31. Qd4 c5 32. Qxc4 Nxe4 33. Qxe4 Nxc3 34.
Ne7+ Rxe7 35. Qxg6+ Rg7 36. Qd3 Nxb1 37. e7 Re8 38. Qd7 Kf7 39. Qxc7 Nd2 1-0

[Event "SR 2. liga A 2012/2013"]
[Site "?"]
[Date "2012.12.16"]
[Round "6.6"]
[White "Hecko, Dusan"]
[Black "Stepanovic, Branislav"]
[Result "1-0"]
[WhiteElo "2073"]
[BlackElo "1992"]
[Annotator "Fritz 12 (20s)"]
[PlyCount "82"]
[EventDate "2012.??.??"]

{A34: Symmetrical English: 2 Nc3, lines with ...d5} 1. c4 c5 2. Nc3 Nf6 3. Nf3
d5 4. cxd5 Nxd5 5. g3 Nc6 6. Bg2 Nc7 7. O-O e5 8. d3 Be7 9. Be3 Bd7 {N} 10. h3
(10. Nd2 Ne6 $14 (10... O-O 11. f4 exf4 12. gxf4 Ne6 13. Nde4 f5 14. Ng3 Kh8
15. Nd5 Bd6 16. Bd2 Nc7 17. e3 Be8 $14)) (10. Rc1 O-O 11. Nd2) 10... O-O $11
11. Nd2 Nd4 12. Kh2 Bc6 13. Rc1 Bxg2 14. Kxg2 Nd5 15. Bxd4 cxd4 (15... exd4 16.
Nce4 Rc8 17. Nf3 $17) 16. Nxd5 Qxd5+ 17. Kh2 Bg5 18. b3 f5 19. Rc2 Bxd2 (19...
Rac8 $5 $17) 20. Qxd2 $11 f4 21. f3 fxg3+ 22. Kg2 a5 23. Rfc1 b6 24. Rc7 Rf7
25. Qg5 $16 Raf8 26. Kxg3 Rxc7 27. Rxc7 Rf7 28. Rxf7 Kxf7 29. Qh5+ Ke7 30. Qxh7
$18 Qf7 31. Qe4 Kd6 32. f4 Qf6 33. fxe5+ Qxe5+ 34. Qxe5+ Kxe5 35. Kg4 a4 36.
bxa4 Kf6 37. Kf4 g6 38. e3 dxe3 39. Kxe3 Kf5 40. d4 g5 41. Kf3 Ke6 1-0

[Event "SR 2. liga A 2012/2013"]
[Site "?"]
[Date "2012.10.13"]
[Round "6.6"]
[White "Polasek, Filip"]
[Black "Kohlman, Robert"]
[Result "0-1"]
[WhiteElo "2093"]
[BlackElo "2184"]
[PlyCount "52"]
[EventDate "2012.??.??"]
[WhiteTeam "Osuske B"]
[BlackTeam "Krasnany"]

1. e4 c5 2. Nf3 Nc6 3. d4 cxd4 4. Nxd4 g6 5. Nc3 Bg7 6. Be3 Nf6 7. Bc4 O-O 8.
O-O d6 9. Qd2 Ng4 10. Nxc6 bxc6 11. h3 Nxe3 12. Qxe3 Qb6 13. Rab1 Qxe3 14. fxe3
Rb8 15. Nd1 Rb6 16. b3 Ba6 17. Bxa6 Rxa6 18. a4 Rb8 19. Nf2 Rab6 20. Nd3 c5 21.
Rbd1 Rc8 22. Nc1 Rb4 23. Kf2 Rxe4 24. Kf3 Rb4 25. Nd3 Rb7 26. Nf4 c4 0-1

[Event "SR 2. liga A 2012/2013"]
[Site "?"]
[Date "2012.10.13"]
[Round "6.7"]
[White "Mandak, Miroslav"]
[Black "Pericka, Tomas"]
[Result "1/2-1/2"]
[WhiteElo "1973"]
[BlackElo "2029"]
[PlyCount "57"]
[EventDate "2012.??.??"]
[WhiteTeam "Krasnany"]
[BlackTeam "Osuske B"]

1. d4 Nf6 2. Nf3 d5 3. c4 e6 4. Nc3 Be7 5. Bg5 h6 6. Bh4 Nbd7 7. e3 O-O 8. Bd3
c6 9. O-O Re8 10. Rc1 dxc4 11. Bxc4 c5 12. dxc5 Nxc5 13. Qc2 Bd7 14. b4 Na6 15.
a3 Rc8 16. Qe2 Qb6 17. Ne5 Red8 18. Nxd7 Rxd7 19. Bxa6 bxa6 20. Bxf6 Bxf6 21.
Nd5 Qd8 22. Nxf6+ gxf6 23. Rcd1 Rxd1 24. Rxd1 Qb6 25. h3 a5 26. Qb2 Kg7 27. Rd4
Rc5 28. Qe2 axb4 29. axb4 1/2-1/2

[Event "SR 2. liga A 2012/2013"]
[Site "?"]
[Date "2012.10.13"]
[Round "6.8"]
[White "Diviak, Rastislav"]
[Black "Lenhart, Juraj"]
[Result "1/2-1/2"]
[WhiteElo "2017"]
[BlackElo "2126"]
[PlyCount "205"]
[EventDate "2012.??.??"]
[WhiteTeam "Osuske B"]
[BlackTeam "Krasnany"]

1. e4 c5 2. Nf3 Nc6 3. d4 cxd4 4. Nxd4 e5 5. Nb5 a6 6. Nd6+ Bxd6 7. Qxd6 Qe7 8.
Qd1 Nf6 9. Nc3 h6 10. Bd3 O-O 11. O-O Nb4 12. Bc4 b5 13. Bb3 Bb7 14. a3 Nc6 15.
Nd5 Nxd5 16. Bxd5 Nd8 17. Be3 d6 18. Qd2 Bxd5 19. Qxd5 Ne6 20. Rfd1 Rfd8 21. c3
Rac8 22. a4 Nc7 23. Qc6 Qd7 24. Qxd7 Rxd7 25. axb5 axb5 26. Ra7 Kf8 27. Rb7 Ke7
28. Ra1 Ke6 29. Raa7 d5 30. Kf1 dxe4 31. Ke2 f5 32. Rb6+ Rd6 33. Rbb7 Rc6 34.
Bb6 Nd5 35. Ba5 Nf4+ 36. Kf1 Rd6 37. Re7+ Kf6 38. Rf7+ Kg6 39. Rxg7+ Kh5 40.
Rgd7 Rxd7 41. Rxd7 Ra8 42. b4 Rc8 43. Bc7 Ra8 44. Ba5 Rc8 45. Bc7 Nd3 46. Re7
Ra8 47. Ba5 f4 48. Ke2 Kg5 49. f3 Nc1+ 50. Kd1 Kf6 51. Rb7 exf3 52. gxf3 Nb3
53. Rxb5 Rc8 54. Rb6+ Kg5 55. Re6 Kf5 56. Rxh6 Rxc3 57. Rh5+ Ke6 58. Rh6+ Kd5
59. h4 Rxf3 60. Bc7 Kc4 61. Bxe5 Rd3+ 62. Kc2 Rd2+ 63. Kb1 f3 64. Bg3 Rg2 65.
Rc6+ Kb5 66. Rg6 f2 67. Rg5+ Kxb4 68. Bxf2 Rxf2 69. Rg8 Rh2 70. h5 Rxh5 71. Kc2
Rh3 72. Rg4+ Kc5 73. Rg8 Kc4 74. Rg4+ Nd4+ 75. Kd2 Rd3+ 76. Ke1 Re3+ 77. Kf2
Re2+ 78. Kf1 Ra2 79. Rg8 Kd3 80. Re8 Nc6 81. Re6 Nb4 82. Re8 Kd4 83. Re7 Nc6
84. Re8 Ne5 85. Rb8 Ke4 86. Rb3 Nd3 87. Rb8 Kf3 88. Rf8+ Nf4 89. Ke1 Ke3 90.
Re8+ Kd4 91. Rd8+ Nd5 92. Kf1 Ke4 93. Re8+ Kf3 94. Rf8+ Nf4 95. Ke1 Rh2 96. Kd1
Ke3 97. Re8+ Kd4 98. Rd8+ Ke5 99. Re8+ Kd6 100. Rd8+ Ke7 101. Ra8 Nd3 102. Ra6
Ra2 103. Rh6 1/2-1/2

[Event "SR 2. liga A 2012/2013"]
[Site "?"]
[Date "2012.10.14"]
[Round "7.1"]
[White "Berczes, Csaba"]
[Black "Janos, Martin"]
[Result "1-0"]
[WhiteElo "2388"]
[BlackElo "2230"]
[PlyCount "139"]
[EventDate "2012.??.??"]
[WhiteTeam "Gabcikovo"]
[BlackTeam "DP BA"]

1. Nf3 c5 2. g3 Nc6 3. d4 cxd4 4. Nxd4 e5 5. Nb5 d6 6. c4 Be7 7. Bg2 h6 8. O-O
Nf6 9. N1c3 O-O 10. Be3 a6 11. Na3 Ng4 12. Nc2 Bf5 13. Bd2 Nf6 14. Ne3 Bg6 15.
b3 Rb8 16. a4 Nd4 17. Ra2 Re8 18. Ned5 Bf8 19. Be3 Nxd5 20. Nxd5 Ne6 21. Bb6
Qd7 22. Qd2 Kh8 23. b4 f5 24. f4 exf4 25. gxf4 Rbc8 26. Rc1 Qf7 27. e3 Bh5 28.
Qd3 Qg6 29. Rf2 Bg4 30. Kh1 Qh5 31. Qf1 Qf7 32. a5 Kh7 33. h3 Bh5 34. Qd3 g6
35. Rg1 Bg7 36. Kh2 Rf8 37. e4 Kh8 38. exf5 gxf5 39. Kh1 Rg8 40. Ne3 Bf8 41.
Qd5 Nd8 42. Nxf5 Rxc4 43. Bxd8 Rxb4 44. Bb6 Rb3 45. Qxf7 Bxf7 46. Kh2 d5 47.
Bf1 Bg6 48. Nd4 Rb4 49. Rfg2 Bf7 50. Rxg8+ Bxg8 51. f5 Bd6+ 52. Kg2 Be5 53. Nf3
Bf6 54. Kf2 Rb2+ 55. Be2 Bf7 56. Bd4 Bxd4+ 57. Nxd4 Ra2 58. Ke3 Rxa5 59. Kf4
Ra3 60. Ke5 Rxh3 61. Kf6 Be8 62. Rc1 Rg3 63. Rc8 Rg8 64. Ke7 Bf7 65. Rxg8+ Kxg8
66. f6 h5 67. Nf3 a5 68. Ne5 a4 69. Nxf7 a3 70. Ng5 1-0

[Event "SR 2. liga A 2012/2013"]
[Site "?"]
[Date "2012.10.14"]
[Round "7.2"]
[White "Certek, Pavel"]
[Black "Janko, Michal"]
[Result "1-0"]
[WhiteElo "2315"]
[BlackElo "2294"]
[PlyCount "67"]
[EventDate "2012.??.??"]
[WhiteTeam "DP BA"]
[BlackTeam "Gabcikovo"]

1. d4 f5 2. Nf3 Nf6 3. g3 e6 4. Bg2 d5 5. c4 c6 6. O-O Bd6 7. b3 Qe7 8. a4 a5
9. Ba3 Bxa3 10. Nxa3 O-O 11. Nc2 b6 12. Nce1 Na6 13. Ne5 Bb7 14. N1d3 Rfd8 15.
Qc2 Rac8 16. Qb2 c5 17. dxc5 Nxc5 18. Nxc5 Qxc5 19. Rac1 Qb4 20. Rfd1 Ne4 21.
Nd3 Qe7 22. cxd5 Bxd5 23. Nf4 Qb4 24. Rxc8 Rxc8 25. Nxd5 exd5 26. Qe5 Qc5 27.
Bxe4 dxe4 28. Rd5 Qc1+ 29. Kg2 e3 30. f3 Qc2 31. Qxe3 h6 32. Qe6+ Kh8 33. Rxf5
Rd8 34. Rf4 1-0

[Event "SR 2. liga A 2012/2013"]
[Site "?"]
[Date "2012.10.14"]
[Round "7.3"]
[White "Krajnak, Martin"]
[Black "Kleman, Miroslav"]
[Result "1-0"]
[WhiteElo "2225"]
[BlackElo "2187"]
[PlyCount "85"]
[EventDate "2012.??.??"]
[WhiteTeam "Gabcikovo"]
[BlackTeam "DP BA"]

1. Nc3 e5 2. Nf3 d6 3. d4 Nd7 4. e4 Ngf6 5. Bc4 Be7 6. O-O c6 7. a4 O-O 8. Qe2
a5 9. Rd1 Qc7 10. h3 h6 11. Be3 Nxe4 12. Nxe4 d5 13. Bxd5 cxd5 14. Nc3 e4 15.
Ne5 Nf6 16. Bf4 Qd8 17. Nb5 Be6 18. b3 Rc8 19. c4 Nd7 20. Rac1 Bg5 21. Qe3 Qe7
22. Nxd7 Qxd7 23. Bxg5 hxg5 24. Qxg5 Rc6 25. cxd5 Bxd5 26. Rxc6 bxc6 27. Nc3
Bxb3 28. Rb1 Bc2 29. Rb2 Bd3 30. Qe5 f6 31. Qc5 Rd8 32. Qxa5 Qxd4 33. Rb4 Qd6
34. Nxe4 Bxe4 35. Rxe4 c5 36. Qc3 Qd1+ 37. Kh2 Qd6+ 38. g3 Rc8 39. a5 Rc6 40.
Ra4 Ra6 41. Rh4 Rc6 42. a6 Rc8 43. Qc4+ 1-0

[Event "SR 2. liga A 2012/2013"]
[Site "?"]
[Date "2012.10.14"]
[Round "7.4"]
[White "Janos, Jozef"]
[Black "Janko, Ladislav"]
[Result "0-1"]
[WhiteElo "2152"]
[BlackElo "2212"]
[PlyCount "130"]
[EventDate "2012.??.??"]
[WhiteTeam "DP BA"]
[BlackTeam "Gabcikovo"]

1. d4 g6 2. c4 Bg7 3. Nc3 d6 4. Nf3 Nc6 5. e4 Bg4 6. Be3 e5 7. d5 Nd4 8. Be2
Bxf3 9. Bxf3 c6 10. dxc6 bxc6 11. O-O Ne7 12. Bg4 O-O 13. Qd3 Rb8 14. Rab1 c5
15. Nd5 Nec6 16. Bd1 Qa5 17. a3 f5 18. Bd2 Qd8 19. b4 Qh4 20. f3 fxe4 21. Qxe4
Qxe4 22. fxe4 Rxf1+ 23. Kxf1 Na5 24. Rc1 Nab3 25. Bxb3 Nxb3 26. Rc2 Nd4 27. Rb2
Kf7 28. b5 Ke6 29. Be3 Nc6 30. Nc7+ Kd7 31. Na6 Rf8+ 32. Ke2 Nd4+ 33. Bxd4 exd4
34. Rb3 Rf4 35. Rf3 Rxe4+ 36. Kd3 Re7 37. Nb8+ Ke6 38. Nc6 Rd7 39. Rf2 d5 40.
Re2+ Kd6 41. a4 Rf7 42. Nd8 Rd7 43. Re6+ Kc7 44. Nc6 dxc4+ 45. Kxc4 d3 46. Re1
d2 47. Rd1 a6 48. Kxc5 axb5 49. axb5 Bf8+ 50. Kc4 Bh6 51. Nb4 Kd6 52. Nd5 Ke5
53. Nc3 Rd4+ 54. Kb3 Rd8 55. Kc4 Kd6 56. Ne4+ Ke5 57. Nc3 Kf4 58. Nd5+ Ke4 59.
Nc3+ Ke3 60. Nd5+ Kf2 61. g4 Ke2 62. Nc3+ Ke3 63. h4 Rc8+ 64. Kb4 Kd3 65. Na2
Kc2 0-1

[Event "SR 2. liga A 2012/2013"]
[Site "?"]
[Date "2012.10.14"]
[Round "7.5"]
[White "Dvorsky, Jozef"]
[Black "Tepper, Frantisek"]
[Result "1/2-1/2"]
[WhiteElo "2020"]
[BlackElo "2162"]
[PlyCount "80"]
[EventDate "2012.??.??"]
[WhiteTeam "Gabcikovo"]
[BlackTeam "DP BA"]

1. e4 Nc6 2. d4 e5 3. d5 Nce7 4. c4 Ng6 5. Bd3 Bc5 6. Ne2 Nf6 7. h3 d6 8. Bd2
O-O 9. Qc1 Nh5 10. g4 Nhf4 11. Nxf4 exf4 12. Bxf4 Qf6 13. Bg3 Qf3 14. Kd2 Bxf2
15. Bxf2 Qxf2+ 16. Kc3 Ne5 17. Qd2 Qf6 18. Kc2 Nf3 19. Qe3 Nd4+ 20. Kd1 c5 21.
Nc3 Bd7 22. Kd2 Qe5 23. Raf1 a6 24. Qf4 f6 25. Rf2 Rfe8 26. Ne2 Nxe2 27. Qxe5
Rxe5 28. Kxe2 b5 29. b3 Rb8 30. Kf3 Ree8 31. Kf4 h6 32. h4 Re5 33. Rg2 Rbe8 34.
Rhg1 g6 35. Rf2 Kg7 36. Kg3 Rf8 37. Rgf1 Ree8 38. Rf3 b4 39. a4 a5 40. Bb1 h5
1/2-1/2

[Event "SR 2. liga A 2012/2013"]
[Site "?"]
[Date "2012.10.14"]
[Round "7.6"]
[White "Fabry, Robert"]
[Black "Balogh, Peter"]
[Result "0-1"]
[WhiteElo "2165"]
[BlackElo "2013"]
[PlyCount "62"]
[EventDate "2012.??.??"]
[WhiteTeam "DP BA"]
[BlackTeam "Gabcikovo"]

1. e4 e5 2. Nf3 Nc6 3. Bb5 f5 4. d4 fxe4 5. Nxe5 Nxe5 6. dxe5 c6 7. Be2 Qa5+ 8.
Nc3 Qxe5 9. O-O Nf6 10. Be3 Bc5 11. Qd2 Bxe3 12. Qxe3 O-O 13. f3 d5 14. Rad1
Bf5 15. g4 Bg6 16. f4 Qc7 17. b4 Bf7 18. a4 b6 19. g5 Ne8 20. f5 Rd8 21. Qg3
Qxg3+ 22. hxg3 Nc7 23. Rfe1 Rfe8 24. Bf1 Bh5 25. Rb1 Bg4 26. f6 gxf6 27. gxf6
Rf8 28. Nxe4 dxe4 29. Rxe4 Be6 30. a5 b5 31. c4 Bf5 0-1

[Event "SR 2. liga A 2012/2013"]
[Site "?"]
[Date "2012.10.14"]
[Round "7.7"]
[White "Kosar, Mikulas"]
[Black "Mikulas, Dusan"]
[Result "0-1"]
[WhiteElo "1968"]
[BlackElo "2102"]
[PlyCount "94"]
[EventDate "2012.??.??"]
[WhiteTeam "Gabcikovo"]
[BlackTeam "DP BA"]

1. e4 c5 2. Nf3 Nc6 3. Bb5 g6 4. Nc3 Bg7 5. d3 a6 6. Bxc6 bxc6 7. O-O e5 8. Be3
d6 9. Nd2 Rb8 10. Rb1 g5 11. Ne2 h6 12. Ng3 Ne7 13. Nh5 O-O 14. Nxg7 Kxg7 15.
g3 Bh3 16. Re1 Qd7 17. Kh1 f5 18. f3 f4 19. Bf2 fxg3 20. Bxg3 Kh7 21. Rg1 Ng6
22. Qe1 Rf7 23. Qe3 Rbf8 24. c3 Qe7 25. d4 cxd4 26. cxd4 h5 27. dxe5 dxe5 28.
Bxe5 Qxe5 29. Rxg5 Qf4 30. Rxh5+ Kg8 31. Qd4 Rd7 32. Qc4+ Qf7 33. Rxh3 Rxd2 34.
Qxc6 Rfd8 35. Rg1 Rd1 36. Rhg3 Rxg1+ 37. Kxg1 Kg7 38. Qc3+ Kg8 39. Kf2 Kh7 40.
Rh3+ Kg8 41. b3 Qa7+ 42. Kf1 Qd7 43. Qc4+ Kg7 44. Qc3+ Kg8 45. Rg3 Kh7 46. Qc2
Rc8 47. Qb2 Qd1+ 0-1

[Event "SR 2. liga A 2012/2013"]
[Site "?"]
[Date "2012.10.14"]
[Round "7.8"]
[White "Kolman, Richard"]
[Black "Puobis, Jozef"]
[Result "1-0"]
[WhiteElo "2067"]
[BlackElo "1910"]
[PlyCount "109"]
[EventDate "2012.??.??"]
[WhiteTeam "DP BA"]
[BlackTeam "Gabcikovo"]

1. d4 d5 2. Nf3 Nf6 3. Bg5 e6 4. e3 c5 5. c3 h6 6. Bh4 Nbd7 7. Bd3 Qc7 8. Nbd2
c4 9. Bc2 Bd6 10. O-O O-O 11. Qe2 b5 12. e4 Nxe4 13. Nxe4 dxe4 14. Qxe4 g6 15.
Rae1 Bb7 16. Qg4 h5 17. Qh3 Bxf3 18. gxf3 Rae8 19. Re2 Nb6 20. Rfe1 Nd5 21. Bg3
Bxg3 22. hxg3 Kg7 23. Qh4 Qe7 24. Qe4 Qg5 25. f4 Qf6 26. Qf3 Rd8 27. Re5 Rh8
28. Kg2 h4 29. Rg5 Rh6 30. Be4 hxg3 31. Bxd5 Rh2+ 32. Kxg3 Rdh8 33. Bxe6 fxe6
34. Qb7+ Qf7 35. Qxf7+ Kxf7 36. Kf3 R2h3+ 37. Rg3 Rh1 38. Rxh1 Rxh1 39. Rg5 Rh5
40. Re5 Rf5 41. Rc5 Kf6 42. Rc7 a5 43. Kg4 a4 44. Rc5 Kf7 45. Kf3 Ke7 46. Ke4
Kd6 47. Re5 Rxe5+ 48. fxe5+ Kc6 49. a3 g5 50. Kf3 Kd5 51. Ke3 Kc6 52. Ke4 Kd7
53. Kf3 Kc6 54. Kg4 Kd5 55. f3 1-0

[Event "SR 2. liga A 2012/2013"]
[Site "?"]
[Date "2012.10.14"]
[Round "8.1"]
[White "Smolen, Jan"]
[Black "Rohacek, Miroslav"]
[Result "1-0"]
[WhiteElo "2361"]
[BlackElo "2308"]
[PlyCount "67"]
[EventDate "2012.??.??"]
[WhiteTeam "DNV A"]
[BlackTeam "KSN"]

1. d4 d5 2. c4 c6 3. e3 Nf6 4. Bd3 e6 5. Nf3 Nbd7 6. O-O Bd6 7. Nbd2 O-O 8. e4
dxe4 9. Nxe4 Nxe4 10. Bxe4 Nf6 11. Bc2 c5 12. Bg5 Be7 13. Qd3 g6 14. dxc5 Qa5
15. Qd4 Rd8 16. Qh4 Kg7 17. Ne5 Qxc5 18. Rae1 h5 19. Be3 Ng4 20. Qg3 Qc7 21.
Bf4 Bd6 22. Qc3 Nxe5 23. Bxe5+ Bxe5 24. Rxe5 f6 25. Rg5 Qf4 26. Rxg6+ Kf7 27.
Qa5 Rh8 28. Rg3 Bd7 29. Bg6+ Ke7 30. Qb4+ Kd8 31. Qxb7 Rb8 32. Qxa7 Rxb2 33.
Rd1 Rd2 34. Qa5+ 1-0

[Event "SR 2. liga A 2012/2013"]
[Site "?"]
[Date "2012.10.14"]
[Round "8.2"]
[White "Machalova, Veronika"]
[Black "Peitl, Tomas"]
[Result "1-0"]
[WhiteElo "2211"]
[BlackElo "2220"]
[PlyCount "91"]
[EventDate "2012.??.??"]
[WhiteTeam "KSN"]
[BlackTeam "DNV A"]

1. e4 e5 2. Nf3 Nc6 3. Bb5 a6 4. Ba4 Nf6 5. O-O Be7 6. Re1 b5 7. Bb3 O-O 8. h3
Bb7 9. d3 d6 10. c3 Na5 11. Bc2 c5 12. Nbd2 Qc7 13. Nf1 h6 14. Ng3 Rfe8 15. Nf5
Bf8 16. Nh2 Kh7 17. Qf3 Ng8 18. g4 Nc6 19. g5 Nd8 20. gxh6 gxh6 21. Qh5 Re6 22.
Re3 Rg6+ 23. Rg3 Ne6 24. Nh4 Rxg3+ 25. fxg3 Ng7 26. Qf3 Re8 27. Bd2 Re6 28. Rf1
Rf6 29. Qe2 Rxf1+ 30. Qxf1 Qd7 31. Ng4 h5 32. Ne3 Nh6 33. Kh2 Bc8 34. Nd5 Ng8
35. Nb6 Qc7 36. Nxc8 Qxc8 37. Qxf7 Qe8 38. Qf1 Qe7 39. Bb3 Nh6 40. Qf3 a5 41.
Bd5 b4 42. cxb4 cxb4 43. a3 bxa3 44. bxa3 Qd8 45. Bxh6 Kxh6 46. Qf7 1-0

[Event "SR 2. liga A 2012/2013"]
[Site "?"]
[Date "2012.10.14"]
[Round "8.3"]
[White "Oprea, Erik"]
[Black "Kralovic, Andrej"]
[Result "0-1"]
[WhiteElo "2125"]
[BlackElo "2139"]
[PlyCount "188"]
[EventDate "2012.??.??"]
[WhiteTeam "DNV A"]
[BlackTeam "KSN"]

1. e4 c6 2. d4 d5 3. f3 e6 4. Nc3 Bb4 5. g3 Nf6 6. e5 Nfd7 7. a3 Be7 8. Nce2 c5
9. c3 Nc6 10. f4 O-O 11. Nf3 f6 12. Bg2 Qb6 13. Ra2 cxd4 14. cxd4 fxe5 15. fxe5
Na5 16. Bf4 Qb3 17. Qb1 Nb6 18. O-O Nbc4 19. Nc1 Qb5 20. b4 Nc6 21. Qd3 a5 22.
a4 Qxb4 23. h4 Qb6 24. Raf2 Nb4 25. Qd1 Rxf4 26. gxf4 Ne3 27. Qb3 Nxf1 28. Bxf1
Bd7 29. Bd3 Rf8 30. Ne2 Qd8 31. Bb1 Qe8 32. Ng5 h6 33. Nh7 Rf5 34. Bxf5 exf5
35. Nf6+ gxf6 36. Rg2+ Kh7 37. Qg3 Qf7 38. h5 Nc6 39. Kf1 fxe5 40. dxe5 Be6 41.
Nc3 d4 42. Nb5 Bd5 43. Rg1 Bc4+ 44. Kf2 Nd8 45. Nd6 Bxd6 46. exd6 Qf6 47. Rc1
Bf7 48. Rg1 Ne6 49. d7 Qd8 50. Qd3 Qh4+ 51. Qg3 Qxg3+ 52. Kxg3 Nd8 53. Rc1 d3
54. Kf2 d2 55. Rd1 Kg7 56. Rxd2 Kf6 57. Rb2 Be6 58. Rb5 Bxd7 59. Rxa5 Ne6 60.
Ke3 Bc6 61. Ra8 Nc7 62. Rc8 Nd5+ 63. Kd4 Nxf4 64. a5 Be4 65. Rh8 Ne6+ 66. Ke3
Kg5 67. Re8 Nc7 68. Rg8+ Kxh5 69. Kf4 Ne6+ 70. Ke5 Ng5 71. Kf4 Kh4 72. Rg6 Nh3+
73. Ke3 h5 74. Rg8 Bd5 75. Rg7 f4+ 76. Kd4 Bh1 77. Kd3 Ng5 78. Ke2 Kg4 79. Kf2
h4 80. Kg1 Be4 81. Kh2 f3 82. a6 bxa6 83. Rg8 Kf4 84. Rf8+ Ke3 85. Kg1 f2+ 86.
Kh2 Nf3+ 87. Kg2 Ne1+ 88. Kh2 Ke2 89. Re8 Nf3+ 90. Kh3 f1=Q+ 91. Kg4 Nh2+ 92.
Kxh4 Qf6+ 93. Kh3 Qf3+ 94. Kh4 Qg4# 0-1